[Event "Charlottetown Invitational"]
[Site "Charlottetown CAN"]
[Date "2000.08.03"]
[Round "4"]
[White "Eldridge, Mike"]
[Black "Hua, Lefong"]
[Result "0-1"]
[WhiteElo "2058"]
[BlackElo "2368"]
[PlyCount "120"]
[GameId "2160767911652946"]
[EventDate "2000.08.01"]
[EventType "tourn"]
[EventRounds "11"]
[EventCountry "CAN"]

1. Nf3 g6 2. d4 Nf6 3. g3 Bg7 4. Bg2 O-O 5. c4 d6 6. Nc3 Nbd7 7. Bg5 h6 8. Bxf6 Bxf6 9. Qd2 Bg7 10. Rd1 c6 11. O-O e5 12. d5 c5 13. Nh4 Qe7 14. e4 Kh7 15. Bh3 a6 16. a4 b6 17. Kh1 Rb8 18. Ra1 Qd8 19. Qd3 Qg5 20. Qe3 Qh5 21. Qf3 Qg5 22. Qe3 Qe7 23. Qd3 Nf6 24. Bxc8 Rfxc8 25. Rae1 Nh5 26. Qe2 Qg5 27. Ng2 Qe7 28. Ne3 Nf6 29. g4 Ne8 30. Rg1 Bf6 31. Ng2 Bg5 32. h3 Kg7 33. Kh2 Nc7 34. Ra1 Rh8 35. Rh1 h5 36. Kg3 Qf6 37. f3 hxg4 38. fxg4 Bf4+ 39. Nxf4 exf4+ 40. Kf3 Rh4 41. Rh2 Rbh8 42. Kg2 Qe5 43. a5 b5 44. cxb5 axb5 45. a6 b4 46. Nd1 Nxd5 47. a7 Nc7 48. Rh1 Ra8 49. Nf2 Qe7 50. Qd2 Ne6 51. Rhd1 f3+ 52. Kxf3 Nd4+ 53. Kg2 Rxa7 54. Rxa7 Qxa7 55. Qg5 Rh8 56. e5 Qb7+ 57. Kf1 Qf3 58. Rd3 Qe2+ 59. Kg1 Qxe5 60. Qxe5+ dxe5 0-1

[Event "Charlottetown Invitational"]
[Site "Charlottetown CAN"]
[Date "2000.08.03"]
[Round "4"]
[White "MacDonald, Jonathan"]
[Black "Langen, Roger"]
[Result "1/2-1/2"]
[WhiteElo "2136"]
[BlackElo "2214"]
[PlyCount "36"]
[GameId "2160767911652947"]
[EventDate "2000.08.01"]
[EventType "tourn"]
[EventRounds "11"]
[EventCountry "CAN"]

1. e4 e5 2. Nf3 Nc6 3. Bb5 Nf6 4. O-O Bc5 5. c3 O-O 6. d4 Bb6 7. Bg5 d6 8. a4 a5 9. Qd3 Qe7 10. Nbd2 h6 11. Bxf6 Qxf6 12. Nc4 exd4 13. Nxb6 cxb6 14. Nxd4 Ne5 15. Qg3 Qg5 16. f4 Qxg3 17. hxg3 Ng4 18. Rfd1 Nf6 1/2-1/2

[Event "Charlottetown Invitational"]
[Site "Charlottetown CAN"]
[Date "2000.08.03"]
[Round "4"]
[White "Urquhart, Eddie"]
[Black "Reddy, Tyler"]
[Result "1-0"]
[WhiteElo "2221"]
[BlackElo "2064"]
[PlyCount "81"]
[GameId "2160767911652948"]
[EventDate "2000.08.01"]
[EventType "tourn"]
[EventRounds "11"]
[EventCountry "CAN"]

1. b3 c5 2. Bb2 Nc6 3. f4 Nf6 4. Nf3 g6 5. e3 Bg7 6. Be2 O-O 7. O-O d6 8. Qe1 Bf5 9. Na3 Nb4 10. d3 Bg4 11. h3 Bxf3 12. Bxf3 Nfd5 13. Bxg7 Kxg7 14. c3 Nxd3 15. Qd2 N3xf4 16. exf4 Nf6 17. Bxb7 Rb8 18. Bf3 Qb6 19. Nc4 Qa6 20. Rfe1 Rfe8 21. Rad1 Qb5 22. Ne3 Qb6 23. c4 a5 24. Nd5 Nxd5 25. Bxd5 e6 26. Bf3 d5 27. cxd5 exd5 28. Rxe8 Rxe8 29. Qxd5 Re6 30. Qd2 Rf6 31. Qc3 Qc7 32. g3 h5 33. h4 Qe7 34. Rd5 Kh7 35. Kh2 Re6 36. Qd3 Re3 37. Qf1 Qf6 38. Rxc5 Qb2+ 39. Qg2 Qf6 40. Re5 Rc3 41. Qb2 1-0

[Event "Charlottetown Invitational"]
[Site "Charlottetown CAN"]
[Date "2000.08.03"]
[Round "5"]
[White "Horton, Joe"]
[Black "Bogle, Bill"]
[Result "1/2-1/2"]
[WhiteElo "2307"]
[BlackElo "2239"]
[PlyCount "56"]
[GameId "2160767911652950"]
[EventDate "2000.08.01"]
[EventType "tourn"]
[EventRounds "11"]
[EventCountry "CAN"]

1. e4 c5 2. Nf3 e6 3. d4 cxd4 4. Nxd4 Nf6 5. Nc3 d6 6. f4 Nc6 7. Be3 a6 8. Qf3 Bd7 9. e5 dxe5 10. fxe5 Nxe5 11. Qxb7 Be7 12. Be2 O-O 13. O-O Neg4 14. Qf3 Nxe3 15. Qxe3 Bc5 16. Ne4 Nxe4 17. Qxe4 e5 18. Qxe5 Qb6 19. c3 Rae8 20. Qh5 g6 21. Qf3 Bc6 22. Qf2 Qxb2 23. Bc4 Qxf2+ 24. Rxf2 Bb5 25. Bb3 Re3 26. Nxb5 axb5 27. Kf1 Rxc3 28. Rd2 Re8 1/2-1/2

[Event "Charlottetown Invitational"]
[Site "Charlottetown CAN"]
[Date "2000.08.03"]
[Round "5"]
[White "Hua, Lefong"]
[Black "MacDonald, Jonathan"]
[Result "1-0"]
[WhiteElo "2368"]
[BlackElo "2136"]
[PlyCount "55"]
[GameId "2160767911652951"]
[EventDate "2000.08.01"]
[EventType "tourn"]
[EventRounds "11"]
[EventCountry "CAN"]

1. c4 b6 2. Nf3 c5 3. Nc3 Bb7 4. e3 e6 5. d4 cxd4 6. exd4 Nf6 7. Bd3 d5 8. O-O Be7 9. Re1 O-O 10. Bg5 dxc4 11. Bxc4 Nc6 12. a3 Rc8 13. Ba2 Na5 14. Qd3 Ng4 15. Bxe7 Qxe7 16. b4 Qc7 17. Nb5 Qf4 18. h3 Bxf3 19. hxg4 Bxg4 20. bxa5 bxa5 21. Nxa7 Rb8 22. Bb1 g6 23. Nc6 Rb2 24. Qe3 Qd6 25. Ne5 Bf5 26. Nc4 Qb8 27. Nxb2 Qxb2 28. Bxf5 1-0

[Event "Charlottetown Invitational"]
[Site "Charlottetown CAN"]
[Date "2000.08.03"]
[Round "5"]
[White "Mayo, Alvah"]
[Black "Eldridge, Mike"]
[Result "1-0"]
[WhiteElo "2192"]
[BlackElo "2058"]
[PlyCount "91"]
[GameId "2160767911652953"]
[EventDate "2000.08.01"]
[EventType "tourn"]
[EventRounds "11"]
[EventCountry "CAN"]

1. d4 Nf6 2. Nf3 b6 3. g3 Bb7 4. Bg2 e6 5. O-O c5 6. c3 d6 7. Bg5 Nbd7 8. Nbd2 h6 9. Bxf6 Nxf6 10. Re1 Be7 11. Qa4+ Qd7 12. Qxd7+ Nxd7 13. a4 cxd4 14. cxd4 O-O 15. Ne5 dxe5 16. Bxb7 Rad8 17. Nb3 exd4 18. Nxd4 Nc5 19. Nc6 Nxb7 20. Nxe7+ Kh7 21. Red1 Rxd1+ 22. Rxd1 Rd8 23. Rxd8 Nxd8 24. b4 a5 25. b5 Nb7 26. Nc8 Nc5 27. Nxb6 Kg6 28. Kf1 Kf5 29. Nc4 Nxa4 30. b6 Nc5 31. Nxa5 Nd7 32. b7 Nb8 33. Nc4 Kf6 34. Kg2 Ke7 35. Kf3 Kd8 36. Nd6 Ke7 37. Nc8+ Kd7 38. Kg4 Kc7 39. Kh5 Nc6 40. h4 Nd8 41. b8=Q+ Kxb8 42. Nd6 g6+ 43. Kxh6 Kc7 44. Nxf7 Nxf7+ 45. Kxg6 Ne5+ 46. Kg7 1-0

[Event "Charlottetown Invitational"]
[Site "Charlottetown CAN"]
[Date "2000.08.03"]
[Round "5"]
[White "Reddy, Tyler"]
[Black "Cooper, Aaron"]
[Result "1-0"]
[WhiteElo "2064"]
[BlackElo "1985"]
[PlyCount "101"]
[GameId "2160767911652954"]
[EventDate "2000.08.01"]
[EventType "tourn"]
[EventRounds "11"]
[EventCountry "CAN"]

1. c4 g6 2. g3 Bg7 3. Bg2 e5 4. Nc3 d6 5. e3 f5 6. Nge2 Nf6 7. O-O O-O 8. b3 c6 9. Bb2 Be6 10. d4 exd4 11. Nxd4 Bf7 12. Qd2 d5 13. cxd5 Nxd5 14. Nxd5 Bxd5 15. Bxd5+ Qxd5 16. Qe2 Nd7 17. Rad1 Qf7 18. Nf3 Rfe8 19. Ng5 Qe7 20. Qc4+ Kh8 21. Nf7+ Kg8 22. Nd6+ Kh8 23. Bxg7+ Kxg7 24. Nxe8+ Rxe8 25. Qd4+ Nf6 26. Rd3 a6 27. Rfd1 Kf7 28. Qh4 Kg7 29. Rd6 Nd5 30. Qxe7+ Rxe7 31. Rd8 Kf7 32. Rd3 Re8 33. Rxe8 Kxe8 34. a3 Kf7 35. f3 Ke6 36. Kf2 Ke5 37. Rd4 g5 38. g4 f4 39. Re4+ Kf6 40. exf4 Nxf4 41. Re8 a5 42. Rb8 b5 43. Ra8 Nd3+ 44. Ke3 Nc5 45. Rxa5 Ke5 46. b4 Ne6 47. Ra7 Nd4 48. Re7+ Kd6 49. Kxd4 Kxe7 50. Ke5 h6 51. f4 1-0

[Event "Charlottetown Invitational"]
[Site "Charlottetown CAN"]
[Date "2000.08.03"]
[Round "6"]
[White "Cooper, Aaron"]
[Black "Gulati, Justin"]
[Result "1/2-1/2"]
[WhiteElo "1985"]
[BlackElo "2127"]
[PlyCount "48"]
[GameId "2160767911652955"]
[EventDate "2000.08.01"]
[EventType "tourn"]
[EventRounds "11"]
[EventCountry "CAN"]

1. d4 Nf6 2. Nf3 g6 3. Bf4 Bg7 4. e3 O-O 5. Bd3 d6 6. Nbd2 Nc6 7. c3 Nd7 8. O-O e5 9. Bg3 Ne7 10. Qb3 c6 11. Rad1 exd4 12. exd4 Nf6 13. Rfe1 d5 14. c4 dxc4 15. Bxc4 Ned5 16. Bh4 Nb6 17. Ne5 Nxc4 18. Qxc4 Be6 19. Qc5 Re8 20. a4 Qd5 21. Bxf6 Bxf6 22. Ne4 Bg7 23. Qb4 Qb3 24. Qd2 b6 1/2-1/2

[Event "Charlottetown Invitational"]
[Site "Charlottetown CAN"]
[Date "2000.08.04"]
[Round "6"]
[White "Bogle, Bill"]
[Black "Reddy, Tyler"]
[Result "0-1"]
[WhiteElo "2239"]
[BlackElo "2064"]
[PlyCount "79"]
[GameId "2160767911652956"]
[EventDate "2000.08.01"]
[EventType "tourn"]
[EventRounds "11"]
[EventCountry "CAN"]

1. d4 d5 2. c4 dxc4 3. Nf3 a6 4. e3 e6 5. Bxc4 c5 6. a3 Nf6 7. O-O Qc7 8. Qe2 b5 9. Ba2 Be7 10. dxc5 Bxc5 11. b4 Be7 12. Bb2 Nbd7 13. Nbd2 O-O 14. Rac1 Qb8 15. Nb3 Bb7 16. Na5 Bd6 17. Nc6 Bxc6 18. Rxc6 Ng4 19. Bb1 h6 20. Qd3 Bxh2+ 21. Kh1 g6 22. Rxe6 Nde5 23. Nxe5 Nxe5 24. Bxe5 Bxe5 25. Rxg6+ fxg6 26. Qxg6+ Bg7 27. Ba2+ Kh8 28. Bb1 Kg8 29. Qh7+ Kf7 30. Qg6+ Ke7 31. Qxg7+ Rf7 32. Qd4 Ra7 33. Rd1 Rf6 34. Qc5+ Kf7 35. Qh5+ Kg7 36. Qg4+ Kf8 37. Ba2 Rg7 38. Qd4 Rf5 39. Be6 Rh5+ 40. Bh3 0-1

[Event "Charlottetown Invitational"]
[Site "Charlottetown CAN"]
[Date "2000.08.04"]
[Round "6"]
[White "Eldridge, Mike"]
[Black "Horton, Joe"]
[Result "0-1"]
[WhiteElo "2058"]
[BlackElo "2307"]
[PlyCount "76"]
[GameId "2160767911652957"]
[EventDate "2000.08.01"]
[EventType "tourn"]
[EventRounds "11"]
[EventCountry "CAN"]

1. Nf3 g6 2. d4 Bg7 3. g3 Nf6 4. Bg2 O-O 5. c4 c5 6. d5 d6 7. Nc3 e6 8. O-O exd5 9. Nxd5 Nxd5 10. Qxd5 Nc6 11. Rd1 Be6 12. Qxd6 Bxc4 13. Qxd8 Rfxd8 14. Bg5 Bxe2 15. Rxd8+ Nxd8 16. Re1 Bb5 17. b3 Ne6 18. Be3 Re8 19. Rc1 b6 20. a4 Bc6 21. Nd2 Bxg2 22. Kxg2 Nd4 23. Rc4 h6 24. b4 Nf5 25. bxc5 Nxe3+ 26. fxe3 bxc5 27. Kf3 Bf8 28. e4 Kg7 29. Nb3 Rc8 30. e5 f5 31. exf6+ Kxf6 32. Kf4 Ke6 33. Ke4 Kd6 34. Na5 Re8+ 35. Kd3 Re1 36. Rf4 Be7 37. Nc4+ Kd5 38. Ne3+ Rxe3+ 0-1

[Event "Charlottetown Invitational"]
[Site "Charlottetown CAN"]
[Date "2000.08.04"]
[Round "6"]
[White "Langen, Roger"]
[Black "Hua, Lefong"]
[Result "0-1"]
[WhiteElo "2173"]
[BlackElo "2221"]
[PlyCount "80"]
[GameId "2160767911652958"]
[EventDate "2000.08.01"]
[EventType "tourn"]
[EventRounds "11"]
[EventCountry "CAN"]
[SourceTitle "EXT 2002"]
[Source "ChessBase"]
[SourceDate "2001.11.25"]
[SourceVersion "1"]
[SourceVersionDate "2001.11.25"]
[SourceQuality "1"]

1. e4 c5 2. Nf3 e6 3. d4 cxd4 4. Nxd4 a6 5. Be3 Qc7 6. Be2 Nf6 7. Bf3 Bc5 8. c3 d6 9. O-O Nbd7 10. Nd2 O-O 11. h3 Rb8 12. b4 Bb6 13. c4 Ne5 14. Be2 Nc6 15. Nxc6 Qxc6 16. Bxb6 Qxb6 17. Qb3 Bd7 18. Rfe1 Rbc8 19. Rac1 e5 20. a3 Be6 21. Qd3 a5 22. Rb1 axb4 23. axb4 Ra8 24. Rb2 Ra4 25. Reb1 Qc6 26. Bd1 Ra7 27. Qe3 Rfa8 28. Kh2 Ra3 29. Qe2 Rc8 30. Rc1 Nd7 31. Bb3 Qb6 32. Ba2 Nc5 33. Nb1 Nd3 34. Rcc2 Nf4 35. Qf1 Ra4 36. c5 dxc5 37. Bxe6 Nxe6 38. bxc5 Qc6 39. Qb5 Qxb5 40. Rxb5 Nd4 0-1

[Event "Charlottetown Invitational"]
[Site "Charlottetown CAN"]
[Date "2000.08.04"]
[Round "6"]
[White "MacDonald, Jonathan"]
[Black "Mayo, Alvah"]
[Result "0-1"]
[WhiteElo "2136"]
[BlackElo "2192"]
[PlyCount "79"]
[GameId "2160767911652959"]
[EventDate "2000.08.01"]
[EventType "tourn"]
[EventRounds "11"]
[EventCountry "CAN"]

1. e4 g6 2. d4 Bg7 3. f4 c5 4. dxc5 Qa5+ 5. c3 Qxc5 6. Bd3 d6 7. Qe2 Nf6 8. Be3 Qc7 9. Nf3 Nc6 10. O-O Ng4 11. Bc1 O-O 12. Kh1 Bd7 13. Nbd2 a6 14. h3 Nf6 15. Nh2 Rac8 16. Ndf3 b5 17. Nh4 e5 18. f5 Ne7 19. Ng4 Nh5 20. Qf2 f6 21. Nh6+ Kh8 22. fxg6 hxg6 23. Qf3 Nf4 24. Bxf4 exf4 25. Nxg6+ Nxg6 26. Qh5 Be8 27. e5 Bxh6 28. Qxh6+ Qh7 29. Qxf8+ Nxf8 30. Bxh7 Nxh7 31. exd6 Rd8 32. Rxf4 Rxd6 33. Re1 Bf7 34. Re7 Bxa2 35. Rh4 Bg8 36. c4 bxc4 37. Rg4 Rd5 38. Rc7 Rb5 39. Rc8 Rg5 40. Rxg5 0-1

[Event "Charlottetown Invitational"]
[Site "Charlottetown CAN"]
[Date "2000.08.05"]
[Round "7"]
[White "Gulati, Justin"]
[Black "Bogle, Bill"]
[Result "1-0"]
[WhiteElo "2127"]
[BlackElo "2239"]
[PlyCount "81"]
[GameId "2160767911652962"]
[EventDate "2000.08.01"]
[EventType "tourn"]
[EventRounds "11"]
[EventCountry "CAN"]

1. e4 c5 2. Nc3 Nc6 3. f4 e6 4. Nf3 Nge7 5. d4 cxd4 6. Nb5 d5 7. e5 Nf5 8. Nbxd4 Ncxd4 9. Nxd4 Qh4+ 10. g3 Nxg3 11. Bb5+ Bd7 12. Bxd7+ Kxd7 13. Nf3 Qh5 14. Rg1 Nf5 15. c4 Bb4+ 16. Ke2 Bc5 17. Rg5 Nd4+ 18. Qxd4 Qxf3+ 19. Kxf3 Bxd4 20. cxd5 exd5 21. Rxg7 Ke6 22. Be3 Bxe3 23. Kxe3 Rac8 24. Rd1 Rc2 25. Rd2 Rc7 26. Rf2 Rhc8 27. b3 f6 28. Rxc7 Rxc7 29. Kd4 Rc1 30. f5+ Ke7 31. e6 Kd6 32. Re2 Rd1+ 33. Kc3 Rc1+ 34. Kd3 Rc7 35. Kd4 Rg7 36. h3 Re7 37. Rg2 Rc7 38. h4 Re7 39. h5 Rc7 40. h6 Re7 41. Rg7 1-0

[Event "Charlottetown Invitational"]
[Site "Charlottetown CAN"]
[Date "2000.08.05"]
[Round "7"]
[White "Horton, Joe"]
[Black "MacDonald, Jonathan"]
[Result "1/2-1/2"]
[WhiteElo "2307"]
[BlackElo "2136"]
[PlyCount "108"]
[GameId "2160767911652963"]
[EventDate "2000.08.01"]
[EventType "tourn"]
[EventRounds "11"]
[EventCountry "CAN"]

1. e4 e5 2. Nf3 Nc6 3. Bb5 Nf6 4. O-O Nxe4 5. d4 Nd6 6. Bxc6 dxc6 7. dxe5 Nf5 8. Qe2 Nd4 9. Nxd4 Qxd4 10. c3 Bg4 11. Qe1 Qd3 12. Qe3 O-O-O 13. Qxd3 Rxd3 14. Be3 Be7 15. Nd2 Rhd8 16. Ne4 R8d5 17. Bf4 Bf5 18. Ng3 Be6 19. Rae1 Rb5 20. Bc1 Bxa2 21. f4 Bc4 22. Ne4 Rd8 23. Rf3 Rbd5 24. Kf2 a5 25. g3 a4 26. h4 Ra5 27. h5 h6 28. Rfe3 a3 29. bxa3 Bxa3 30. g4 Be7 31. Kg3 Rd3 32. Rxd3 Bxd3 33. g5 Ra1 34. gxh6 gxh6 35. Nf2 Bf5 36. Ng4 Bf8 37. Ne3 Be4 38. Bd2 Ra2 39. Bc1 Kd7 40. f5 Bc5 41. e6+ fxe6 42. fxe6+ Ke7 43. Kf4 Bd3 44. Nf5+ Ke8 45. Nxh6 Rh2 46. Ng4 Bd6+ 47. Kf3 Rh3+ 48. Kf2 Be7 49. Re3 Bc5 50. Kg2 Bxe3 51. Bxe3 Rxe3 52. Nxe3 Ke7 53. Kf3 Kxe6 54. Kf4 c5 1/2-1/2

[Event "Charlottetown Invitational"]
[Site "Charlottetown CAN"]
[Date "2000.08.05"]
[Round "7"]
[White "Reddy, Tyler"]
[Black "Eldridge, Mike"]
[Result "1-0"]
[WhiteElo "2064"]
[BlackElo "2058"]
[PlyCount "51"]
[GameId "2160767911652965"]
[EventDate "2000.08.01"]
[EventType "tourn"]
[EventRounds "11"]
[EventCountry "CAN"]

1. c4 b6 2. Nc3 e6 3. e4 Bb7 4. g3 f5 5. d3 Nf6 6. Bg2 Bb4 7. Bg5 Bxc3+ 8. bxc3 h6 9. Bxf6 Qxf6 10. Ne2 fxe4 11. O-O O-O 12. dxe4 e5 13. c5 Qf7 14. f4 Qc4 15. cxb6 axb6 16. Qc2 Na6 17. fxe5 Rxf1+ 18. Rxf1 Nc5 19. e6 Qxe6 20. Nd4 Qxa2 21. Qd1 Bxe4 22. Bxe4 Nxe4 23. Qg4 Nc5 24. Nf5 Ne6 25. Nxh6+ Kh7 26. Nf5 1-0

[Event "Charlottetown Invitational"]
[Site "Charlottetown CAN"]
[Date "2000.08.05"]
[Round "7"]
[White "Urquhart, Eddie"]
[Black "Cooper, Aaron"]
[Result "1-0"]
[WhiteElo "2221"]
[BlackElo "1985"]
[PlyCount "67"]
[GameId "2160767911652966"]
[EventDate "2000.08.01"]
[EventType "tourn"]
[EventRounds "11"]
[EventCountry "CAN"]

1. b3 d6 2. Bb2 e5 3. g3 f5 4. Bg2 Nf6 5. e3 Be7 6. Ne2 O-O 7. d4 e4 8. Nf4 Qe8 9. h4 g6 10. Nd2 Bd7 11. c4 c6 12. b4 d5 13. Qb3 Qf7 14. Bf1 Na6 15. b5 Nc7 16. a4 Ne6 17. Nxe6 Bxe6 18. Rc1 Rfc8 19. Be2 h6 20. c5 Kf8 21. Qc3 Qg7 22. Nb3 Bd8 23. Kd2 a6 24. Ra1 Bd7 25. Ba3 axb5 26. axb5 cxb5 27. Bb4 Bc6 28. Rxa8 Rxa8 29. Ra1 Rxa1 30. Qxa1 g5 31. Qa8 Qc7 32. Ba5 b6 33. cxb6 Qb7 34. Qxd8+ 1-0

[Event "Charlottetown Invitational"]
[Site "Charlottetown CAN"]
[Date "2000.08.05"]
[Round "8"]
[White "Bogle, Bill"]
[Black "Urquhart, Eddie"]
[Result "1/2-1/2"]
[WhiteElo "2239"]
[BlackElo "2221"]
[PlyCount "90"]
[GameId "2160767911652967"]
[EventDate "2000.08.01"]
[EventType "tourn"]
[EventRounds "11"]
[EventCountry "CAN"]

1. d4 Nf6 2. c4 g6 3. Nc3 d5 4. g4 dxc4 5. h3 c6 6. e4 Bg7 7. Bxc4 O-O 8. Be3 b5 9. Bb3 Qa5 10. f3 Bb7 11. Nge2 Nbd7 12. Qd2 c5 13. g5 Nh5 14. dxc5 Ne5 15. Kf2 e6 16. a4 Rad8 17. Qc2 Nd3+ 18. Kg2 b4 19. Nb5 Ba6 20. Nbd4 Qxc5 21. Qxc5 Nxc5 22. Bd1 Nd3 23. b3 Nb2 24. Rc1 Nxd1 25. Rhxd1 Rc8 26. Kf2 Bxe2 27. Kxe2 Rc3 28. Rxc3 bxc3 29. Rc1 Nf4+ 30. Bxf4 Bxd4 31. Be3 e5 32. f4 Rb8 33. Bxd4 exd4 34. Kd3 Rb4 35. Kc2 Kf8 36. a5 a6 37. Ra1 Ke7 38. Ra3 Kd6 39. Kd3 Kc5 40. Kc2 Rb7 41. Ra4 Rd7 42. Rc4+ Kb5 43. Kd3 Kxa5 44. f5 Kb6 45. f6 a5 1/2-1/2

[Event "Charlottetown Invitational"]
[Site "Charlottetown CAN"]
[Date "2000.08.05"]
[Round "8"]
[White "Eldridge, Mike"]
[Black "Gulati, Justin"]
[Result "0-1"]
[WhiteElo "2058"]
[BlackElo "2127"]
[PlyCount "76"]
[GameId "2160767911652968"]
[EventDate "2000.08.01"]
[EventType "tourn"]
[EventRounds "11"]
[EventCountry "CAN"]

1. Nf3 g6 2. d4 Bg7 3. g3 f5 4. Bg2 Nf6 5. O-O d6 6. c4 O-O 7. Nc3 Nc6 8. Rb1 Ne4 9. Nxe4 fxe4 10. Ng5 Nxd4 11. Bxe4 c6 12. e3 Ne6 13. Nxh7 Kxh7 14. Qh5+ Kg8 15. Bxg6 Rf6 16. Qh7+ Kf8 17. e4 Rxg6 18. Qxg6 Qe8 19. Qxe8+ Kxe8 20. Kg2 Nc5 21. f3 Be6 22. b3 a5 23. Bb2 Bh6 24. Bd4 Nd3 25. Rfd1 Nb4 26. Rb2 c5 27. Bc3 Nc6 28. f4 a4 29. f5 Bf7 30. Kf3 axb3 31. axb3 Ra3 32. Rd3 b5 33. cxb5 c4 34. bxc4 Ne5+ 35. Bxe5 Rxd3+ 36. Kg4 dxe5 37. b6 Rd8 38. c5 Kd7 0-1

[Event "Charlottetown Invitational"]
[Site "Charlottetown CAN"]
[Date "2000.08.05"]
[Round "8"]
[White "Langen, Roger"]
[Black "Horton, Joe"]
[Result "0-1"]
[WhiteElo "2173"]
[BlackElo "2255"]
[PlyCount "70"]
[GameId "2160767911652970"]
[EventDate "2000.08.01"]
[EventType "tourn"]
[EventRounds "11"]
[EventCountry "CAN"]
[SourceTitle "EXT 2003"]
[Source "ChessBase"]
[SourceDate "2002.11.25"]
[SourceVersion "1"]
[SourceVersionDate "2002.11.25"]
[SourceQuality "1"]

1. e4 e5 2. Nf3 Nc6 3. d4 exd4 4. Bc4 d6 5. Nxd4 g6 6. Nc3 Bg7 7. Be3 Nf6 8. Nxc6 bxc6 9. f3 Be6 10. Bxe6 fxe6 11. Qd3 a5 12. O-O-O O-O 13. h4 Rb8 14. Ne2 Nd7 15. b3 Ne5 16. Qc3 Nxf3 17. Nd4 Nxd4 18. Bxd4 Bxd4 19. Qxd4 Rb4 20. Qe3 Qf6 21. c3 Rb5 22. g3 a4 23. Kc2 axb3+ 24. axb3 Qf2+ 25. Qxf2 Rxf2+ 26. Rd2 Rxd2+ 27. Kxd2 Rxb3 28. Ra1 Rb2+ 29. Ke3 Rc2 30. Ra3 Kg7 31. Ra7 Rxc3+ 32. Kd4 Rxg3 33. Rxc7+ Kf6 34. Rxc6 Rg1 35. Ra6 Rh1 0-1

[Event "Charlottetown Invitational"]
[Site "Charlottetown CAN"]
[Date "2000.08.05"]
[Round "8"]
[White "MacDonald, Jonathan"]
[Black "Reddy, Tyler"]
[Result "1-0"]
[WhiteElo "2136"]
[BlackElo "2054"]
[PlyCount "55"]
[GameId "2160767911652971"]
[EventDate "2000.08.01"]
[EventType "tourn"]
[EventRounds "11"]
[EventCountry "CAN"]

1. e4 e6 2. d4 d5 3. e5 c5 4. c3 Nc6 5. Nf3 Bd7 6. Bd3 cxd4 7. cxd4 Qb6 8. Nc3 Nxd4 9. Nxd4 Qxd4 10. O-O Qxe5 11. Re1 Qb8 12. Qf3 Bd6 13. Qxd5 Nf6 14. Qg5 Kf8 15. Qh4 h5 16. Bg5 Ng4 17. Ne4 Bxh2+ 18. Kh1 Kg8 19. Rad1 f6 20. Bxf6 gxf6 21. Nxf6+ Nxf6 22. Qg5+ Kf8 23. Qxf6+ Kg8 24. Bc4 Qf4 25. Qg6+ Kf8 26. Rxd7 Rg8 27. Qxe6 Rg7 28. Re7 1-0

[Event "Charlottetown Invitational"]
[Site "Charlottetown CAN"]
[Date "2000.08.06"]
[Round "9"]
[White "Cooper, Aaron"]
[Black "Bogle, Bill"]
[Result "1-0"]
[WhiteElo "1985"]
[BlackElo "2239"]
[PlyCount "59"]
[GameId "2160767911652973"]
[EventDate "2000.08.01"]
[EventType "tourn"]
[EventRounds "11"]
[EventCountry "CAN"]

1. d4 Nf6 2. Nf3 e6 3. Bg5 Be7 4. Nbd2 b6 5. e4 c5 6. c3 d6 7. Bd3 Bb7 8. Qe2 Nh5 9. Be3 Nc6 10. Rd1 Qc7 11. O-O d5 12. exd5 exd5 13. dxc5 O-O-O 14. cxb6 axb6 15. Bf5+ Kb8 16. Qb5 g5 17. Bxb6 Qf4 18. Bxd8 Rxd8 19. Bd3 g4 20. Nd4 Nxd4 21. cxd4 g3 22. hxg3 Nxg3 23. fxg3 Qxd4+ 24. Rf2 Bc5 25. Rdf1 Ba7 26. Nb3 Qxb2 27. Na5 Bxf2+ 28. Rxf2 Qc1+ 29. Bf1 Qc7 30. Rb2 1-0

[Event "Charlottetown Invitational"]
[Site "Charlottetown CAN"]
[Date "2000.08.06"]
[Round "9"]
[White "Gulati, Justin"]
[Black "MacDonald, Jonathan"]
[Result "0-1"]
[WhiteElo "2127"]
[BlackElo "2136"]
[PlyCount "80"]
[GameId "2160767911652974"]
[EventDate "2000.08.01"]
[EventType "tourn"]
[EventRounds "11"]
[EventCountry "CAN"]

1. e4 e5 2. Nf3 Nc6 3. d4 exd4 4. Bc4 Be7 5. c3 Nf6 6. cxd4 d5 7. exd5 Nb4 8. Nc3 O-O 9. O-O Bg4 10. a3 Nbxd5 11. Qd3 c6 12. Ne5 Bd6 13. Bg5 Be6 14. Ba2 Be7 15. Rad1 Nxc3 16. Bxe6 Nxd1 17. Nxf7 Rxf7 18. Bxf6 Bxf6 19. Qb3 Qe7 20. Rxd1 Re8 21. Bxf7+ Qxf7 22. Qd3 Qd5 23. h3 Bxd4 24. Kf1 Bxb2 25. Qc2 Bd4 26. Qd3 c5 27. Qb5 Qe6 28. Kg1 Qf7 29. Rf1 Rf8 30. Qe2 a6 31. a4 c4 32. Qd2 Qd5 33. Kh1 b5 34. Rd1 Rd8 35. Qa5 bxa4 36. Qxa6 c3 37. Qxa4 h6 38. Qc2 Kh8 39. Qg6 Qd6 40. Qh5 Kg8 0-1

[Event "Charlottetown Invitational"]
[Site "Charlottetown CAN"]
[Date "2000.08.06"]
[Round "9"]
[White "Horton, Joe"]
[Black "Hua, Lefong"]
[Result "0-1"]
[WhiteElo "2255"]
[BlackElo "2221"]
[PlyCount "102"]
[GameId "2160767911652975"]
[EventDate "2000.08.01"]
[EventType "tourn"]
[EventRounds "11"]
[EventCountry "CAN"]
[SourceTitle "EXT 2002"]
[Source "ChessBase"]
[SourceDate "2001.11.25"]
[SourceVersion "1"]
[SourceVersionDate "2001.11.25"]
[SourceQuality "1"]

1. e4 c5 2. Nf3 d6 3. d4 cxd4 4. Nxd4 Nf6 5. Nc3 g6 6. Bb5+ Bd7 7. Bxd7+ Qxd7 8. Be3 Bg7 9. f3 Nc6 10. Qd2 O-O 11. Nxc6 bxc6 12. Bh6 Qb7 13. Bxg7 Kxg7 14. b3 Qb6 15. Na4 Qb5 16. c4 Qe5 17. Qc3 Qxc3+ 18. Nxc3 Nd7 19. Ke2 Rfb8 20. Na4 Rb4 21. Rac1 Rab8 22. Rhd1 c5 23. Rd5 R4b7 24. e5 Nxe5 25. Nxc5 dxc5 26. Rxe5 Rc8 27. Rd5 a5 28. Kd3 a4 29. Kc3 Kf6 30. Rb1 axb3 31. axb3 e6 32. Rd2 Ra8 33. Rd6 Ke7 34. Rc6 Ra5 35. Rd1 Ra3 36. Rb1 Ra5 37. Rd1 h5 38. h4 Rd7 39. Rb1 Kf6 40. b4 cxb4+ 41. Kxb4 Ra2 42. c5 Rd4+ 43. Kb5 Rxg2 44. Rb4 Rxb4+ 45. Kxb4 Rh2 46. Rd6 Rxh4+ 47. Kb5 Rh1 48. c6 Rc1 49. Rd4 g5 50. Rc4 Rxc4 51. Kxc4 Ke7 0-1

[Event "Charlottetown Invitational"]
[Site "Charlottetown CAN"]
[Date "2000.08.06"]
[Round "9"]
[White "Reddy, Tyler"]
[Black "Langen, Roger"]
[Result "1-0"]
[WhiteElo "2012"]
[BlackElo "2173"]
[PlyCount "47"]
[GameId "2160767911652977"]
[EventDate "2000.08.01"]
[EventType "tourn"]
[EventRounds "11"]
[EventCountry "CAN"]
[SourceTitle "EXT 2003"]
[Source "ChessBase"]
[SourceDate "2002.11.25"]
[SourceVersion "1"]
[SourceVersionDate "2002.11.25"]
[SourceQuality "1"]

1. c4 e5 2. g3 Nf6 3. Bg2 d5 4. cxd5 Nxd5 5. Nc3 Nb6 6. Nf3 Nc6 7. O-O Be7 8. d3 O-O 9. a3 Be6 10. b4 Nd4 11. Nxd4 exd4 12. Ne4 Bd5 13. Bb2 f5 14. Nd2 Bxg2 15. Kxg2 Qd5+ 16. Nf3 Bf6 17. Rc1 Qd7 18. Qc2 Rf7 19. Qb3 Rd8 20. Ba1 Qd5 21. Qd1 Qa2 22. Rc5 Qxa3 23. Qb1 Nd5 24. Ra5 1-0